Biggest European Cities by Letter - V - Statistics

General Stats
  • This quiz has been taken 317 times
    191 since last reset
  • The average score is 10 of 16
Answers on the Map
Answers color-coded by a green-red scale on the quiz's map according to % correct below.
 
Answer Stats
Country Population City % Correct
Austria 1,691,468 Vienna
99%
Spain 814,208 Valencia
96%
Italy 258,690 Venice
96%
Lithuania 542,366 Vilnius
94%
Italy 219,103 Verona
85%
Russia 1,011,417 Volgograd
72%
Bulgaria 312,770 Varna
68%
Spain 317,864 Valladolid
67%
Spain 297,332 Vigo
60%
Russia 848,752 Voronezh
54%
Finland 190,058 Vantaa
38%
Belarus 342,700 Vitebsk
38%
Russia 310,024 Vladimir
33%
Ukraine 352,115 Vinnytsia
27%
Russia 314,900 Vologda
26%
Russia 317,370 Vladikavkaz
24%
No matching quizzes found
Score Distribution
Percent of People with Each Score
Percentile by Number Answered
Your Score History
You have not taken this quiz since the last reset